Quién fué el licenciado Alonso Fernández de Avellaneda (Record no. 4623)

MARC details
000 -CABECERA
campo de control de longitud fija 00910nam a2200241 a 4500
001 - NÚMERO DE CONTROL
campo de control BRCA_4929
005 - FECHA Y HORA DE LA ÚLTIMA TRANSACCIÓN
campo de control 20190320204850.0
008 - DATOS DE LONGITUD FIJA--INFORMACIÓN GENERAL
campo de control de longitud fija 840621s1915 sp-#######---#000-0#spa-#
041 ## - CÓDIGO DE LENGUA
Código de lengua del texto/banda sonora o título independiente spa
044 ## - CÓDIGO DEL PAÍS DE LA ENTIDAD EDITORA/PRODUCTORA
Código MARC del país sp
050 #4 - SIGNATURA TOPOGRÁFICA DE LA BIBLIOTECA DEL CONGRESO
Número de clasificación PQ6354
Número de documento/Ítem .B35 1915
100 1# - ENTRADA PRINCIPAL--NOMBRE DE PERSONA
Nombre de persona Báig Baños, Aurelio
Fechas asociadas al nombre n. 1873
9 (RLIN) 12511
245 10 - MENCIÓN DE TÍTULO
Título Quién fué el licenciado Alonso Fernández de Avellaneda
Resto del título ensayo sobre la estructura espiritual del falso Quijote. Religiosidad de Cervantes
Mención de responsabilidad, etc. Aurelio Báig Baños.
260 ## - PUBLICACIÓN, DISTRIBUCIÓN, ETC.
Lugar de publicación, distribución, etc. Madrid
Nombre del editor, distribuidor, etc. Gabriel Molina
Fecha de publicación, distribución, etc. [1915]
300 ## - DESCRIPCIÓN FÍSICA
Extensión 336 p.
Dimensiones 24 cm.
500 ## - NOTA GENERAL
Nota general Incluye tres suplementos
500 ## - NOTA GENERAL
Nota general En portada: ´Carta del Excmo. Sr. Director de la Biblioteca Nacional D. Francisco Rodríguez Marín´
500 ## - NOTA GENERAL
Nota general QM578
600 14 - PUNTO DE ACCESO ADICIONAL DE MATERIA--NOMBRE DE PERSONA
Nombre de persona Cervantes Saavedra, Miguel de
Fechas asociadas al nombre 1547-1616
Título de la obra Don Quijote
9 (RLIN) 12512
700 1# - PUNTO DE ACCESO ADICIONAL--NOMBRE DE PERSONA
Nombre de persona Rodríguez Marín, Francisco
Término indicativo de función/relación Prologuista
9 (RLIN) 12513
902 ## - CATALOGADOR
Iniciales GFM
942 ## - ELEMENTOS DE PUNTO DE ACCESO ADICIONAL (KOHA)
Fuente del sistema de clasificación o colocación Library of Congress Classification
Tipo de ítem Koha Libros
Holdings
Estado de retiro Estado de pérdida Estado dañado No para préstamo Localización permanente Ubicación/localización actual Fecha de adquisición Número de inventario Total de préstamos Signatura topográfica completa Código de barras Fecha visto por última vez Precio válido a partir de Tipo de ítem Koha
El ejemplar forma parte de la colección y puede ser consultado según las políticas vigentes.       Biblioteca del Museo Franz Mayer (Rogerio Casas-Alatriste) Biblioteca del Museo Franz Mayer (Rogerio Casas-Alatriste) 21/10/2010 QM578   PQ6354 .B35 1915 (QM578) 4990 22/03/2019 22/03/2019 Libros